| 000 | 01049nam a2200265Ia 4500 | ||
|---|---|---|---|
| 999 |
_c5535 _d5535 |
||
| 003 | OSt | ||
| 005 | 20200623131833.0 | ||
| 008 | 191128s1954 sp gr 001 0 spa d | ||
| 040 |
_aCO-JMCR _cCO-JMCR |
||
| 041 | 1 |
_aspa _heng |
|
| 082 | 0 | 4 |
_a330.153 / _bS642I _223 |
| 100 | 1 |
_aSmith, Adam, _eautor _91565 |
|
| 245 | 1 | 0 |
_aInvestigación de la naturaleza y causas de la riqueza de las naciones / _cpor, Adam Smith ; revisión y adaptación al castellano moderno de la traducción José Alonso Ortiz ; prólogo José M. Tallada |
| 260 |
_aBarcelona : _bBosch casa editorial, _c1954. |
||
| 300 |
_axlvi, 262 páginas ; _c23 cm. |
||
| 500 | _aIncluye índice páginas i-xlvi | ||
| 505 | 0 | _aLibro V: De las rentas del soberano o de la República | |
| 546 | _aTraducido del inglés | ||
| 650 | 1 | 4 |
_aRiqueza _95953 |
| 650 | 2 | 4 |
_aLiberalismo _xTeoría económica _95979 |
| 650 | 2 | 4 |
_aPlanificación de la producción _95966 |
| 700 | 1 |
_aOrtiz, José Alonso, _etraductor _95977 |
|
| 700 | 1 |
_aTallada, José M., _eprologuista _95978 |
|
| 942 |
_2ddc _cBK |
||